| 000 | 01939nam0a2200397 4500 | ||
|---|---|---|---|
| 001 | RU\NLR\bibl\1368297 | ||
| 005 | 20250615185846.0 | ||
| 010 |
_a978-5-7578-0341-8 _93000 |
||
| 021 |
_aRU _b2009-21164 _91252 |
||
| 035 | _a(nilc)EL/0000268674 | ||
| 035 | _aRUM0055583 | ||
| 035 | _a(NLR Aleph) 001360443 | ||
| 090 |
_a977809 _c977809 |
||
| 100 | _a20090330d2008 |||y0rusy50 ca | ||
| 101 | 0 | _arus | |
| 102 | _aRU | ||
| 105 | _aa ||||||||| | ||
| 200 | 1 |
_aЗащита сада и огорода _eпрактическое руководство по экологически безопасной защите растений от вредителей и болезней _e[выбор средств. Защита без химикатов. Профилактика. Друзья в саду и огороде] _fР. П. Кудрявец |
|
| 210 |
_aМосква _cМСП _d2008 |
||
| 215 |
_a352 с. _cил. _d20 |
||
| 225 | 1 | _aСоветы специалистов | |
| 320 | _aПредм. указ.: с. 348-350 | ||
| 606 | 1 |
_aОвощные культуры _jПопулярные издания _xБолезни и вредители _xБорьба с ними _xБиологические методы _92584452 _3RU\NLR\auth\661527645 |
|
| 606 | 1 |
_aПлодовые культуры _jПопулярные издания _xБолезни и вредители _xБорьба с ними _xБиологические методы _92538391 _3RU\NLR\auth\661503000 |
|
| 686 |
_a75.35.35.37 _2rugasnti |
||
| 686 |
_a68.37.01.05.59 _2rugasnti |
||
| 686 | _aП491.4-53я9 | ||
| 686 | _aП491.5-53я9 | ||
| 700 | 1 |
_aКудрявец _bР. П. _gРоман Петрович _4070 |
|
| 801 | 0 |
_aRU _bЦНСХБ РАСХН _c20090330 _gRCR |
|
| 801 | 1 |
_aRU _bЦНСХБ РАСХН _c20090330 |
|
| 801 | 2 |
_aRU _bЦНСХБ РАСХН _c20090520 _2rusmarc |
|
| 801 | 2 |
_aRU _bNLR _c20090513 _grcr |
|
| 942 | _cBOOK | ||
| 980 | _aNB | ||